Co-operative credit for agricultural sector / (Record no. 7403)

MARC details
000 -LEADER
fixed length control field 00539 a2200169 4500
010 ## - LCCN (DPL NO)
LC control number ENG-87980
020 ## - INTERNATIONAL STANDARD BOOK NUMBER
International Standard Book Number 8183870325
Terms of availability 425.00
035 ## - SYSTEM CONTROL NUMBER
System control number EN-71513
037 ## - SOURCE OF ACQUISITION
Source of stock number/acquisition DBAD / PUB
082 14 - DEWEY DECIMAL CLASSIFICATION NUMBER
Classification number 334.683
100 1# - MAIN ENTRY--PERSONAL NAME
Personal name Radhakrishnan, N
245 1# - TITLE STATEMENT
Title Co-operative credit for agricultural sector /
Statement of responsibility, etc by N.Radhakrishnan
260 ## - PUBLICATION, DISTRIBUTION, ETC. (IMPRINT)
Place of publication, distribution, etc Delhi
Name of publisher, distributor, etc Serials Publications
Date of publication, distribution, etc 2006
270 ## - ADDRESS
Address 4830/24, Prahlad sreet, Ansari Raod, Darya ganj
City Delhi
Postal code 110 002
300 ## - PHYSICAL DESCRIPTION
Extent vii, 175 p.
Dimensions 22 cm (HB)
942 ## - ADDED ENTRY ELEMENTS (KOHA)
Institution code [OBSOLETE] dpl
Item type English Books
Source of classification or shelving scheme Dewey Decimal Classification
Classification part 334.683
Call number suffix RAD
Holdings
Withdrawn status Lost status Not for loan Collection code Home library Current library Source of acquisition Cost, normal purchase price Full call number Barcode Copy number Cost, replacement price Koha item type
    Not For Loan Non-fiction D.B.Act.Division D.B.Act.Division DBAD/PUB 425.00 334.683 RAD EN-71513 1 425.00 English Books

© Delhi Public Library
Hit Counter
free hit counter